000 01859cam a2200313 a 4500
001 000008062
003 DO-SdBNP
005 20180322154615.0
007 000008062
008 020122s2001 sp a 000 j spa
020 _a8420443476
040 _aBPMSU
_bspa
_cBPMSU
082 _aH864.44
_bP925c
111 2 _aPremio Internacional de Literatura
_n( 3º. :
_d2001 :
_cMadrid )
245 0 0 _aTerminemos el cuento /
_cArmando Almanzar ... [et al.].
260 _aMadrid :
_bAlfaguara,
_c2001, 2006 (reimpresión)
300 _a239 p. :
_bil. ;
_c22 cm.
490 1 _aSerie roja
505 0 _aDesde el fondo de la copa / Lucia Laragiones, Esteban Virgilio Da Re -- La casita / Ramon Rocha Monroy, Rossana Kathenca Peredo -- La invencion del silencio / Alejandra Costamagna, Constanza Perez-Cueto -- La nina calva / Jorje Franco, Daniel Alejandro Castelblanco -- Balada-rock / Enid Vian, Sandra Martinez Rodriguez -- El virus del genesis / Raul Vallejo, Andrea Rosario Torres -- Hola!, Eres Luis? / Ricardo Gomez, Laura Casielles --
505 0 _aTarantula / Guillermo Samperio, Jorge Abraham Sanchez -- La maquina del senor Heriberto / Helio Vera, Gonzalo Gabriel de Tommaso -- Retiro espritual / Giovanna Pollarolo, Alejandra Cardenas -- Geronimo / Mayra Montero, Neddie M. Cruz -- Muchacha bonita en ventana con rejas y un gato / Armando Almanzar, Massiel Indiana Zapata -- El arbol de las garzas / Carlos Maria Dominguez, Danila Fernanda Rivero -- Huelga de hambre / Jose Luis Palacios, Natalia Milagros Pericchi.
650 0 _aCUENTOS HISPANOAMERICANOS
650 0 _aLITERATURA HISPANOAMERICANA
_ySIGLO XX
700 1 2 _aAlmanzar Rodriguez, Armando.
830 0 _aSerie roja
910 _aValidado. Control de calidad MFF
942 _2ddc
_cBK
945 _aRemanejaso para la BNPHU / 2017 VM
956 _aVMATEO
_b10
_c20150428
_lBPMSU
_h00151
999 _c7720
_d7720